| 000 | 006540000a22002050004500 | ||
|---|---|---|---|
| 999 |
_c4759 _d4759 |
||
| 003 | LSTLib | ||
| 008 | 210816b ||||| |||| 00| 0 eng d | ||
| 020 | _aNot given | ||
| 041 | _aeng | ||
| 082 | _a364 MIL | ||
| 245 |
_aViolence Against Sex Workers in Sri Lanka _bCauses, Consequences and Remedies |
||
| 260 |
_aColombo _bInternational Centre for Ethnic Studies _c2000 |
||
| 300 | _a32 p. | ||
| 440 |
_aICES Lecture/Discussion Series _nNo. 1 _94079 |
||
| 650 |
_aHuman Rights _94080 |
||
| 650 |
_aSex Industry _94081 |
||
| 650 |
_aStreet Level Sex Work _94083 |
||
| 700 |
_aMiller, Jody _94084 _eAddr. |
||
| 942 |
_cBC _k364 _mMIL _2ddc |
||